Statistics for US states name derivations

Click here to take the quiz!

General Stats

  • This quiz has been taken 25 times
  • The average score is 22 of 28

Answer Stats

LanguageAnswer% Correct
FrenchLouisiana
91%
SpanishCalifornia
91%
SpanishTexas
91%
EnglishNew York
91%
EnglishMaine
86%
EnglishNew Hampshire
86%
LatinVirginia
86%
RussianAlaska
82%
EnglishGeorgia
82%
EnglishSouth Carolina
82%
EnglishNorth Carolina
82%
FrenchDelaware
82%
FrenchVermont
77%
EnglishNew Jersey
77%
FrenchArkansas
77%
EnglishMaryland
77%
DutchRhode Island
77%
BasqueArizona
77%
FrenchKansas
73%
EnglishWashington
73%
SpanishMontana
73%
LatinWest Virginia
68%
SpanishNevada
68%
FrenchIllinois
64%
LatinIndiana
64%
FrenchIowa
64%
FrenchWisconsin
64%
SpanishColorado
64%

Score Distribution

Percentile by Number Answered

Percent of People with Each Score

Your Score History

You have not taken this quiz